FAO forestry paper N137/2 Forestry policies in the Caribbean; Vol.2,Reports of 28 selected countries and territories

Tallennettuna:
Bibliografiset tiedot
Päätekijä: FAO
Aineistotyyppi: Kirja
Kieli:Undetermined
Julkaistu: Rome FAO 1998
Tagit: Lisää tagi
Ei tageja, Lisää ensimmäinen tagi!
Thư viện lưu trữ: Trung tâm Học liệu Trường Đại học Cần Thơ
LEADER 00534nam a2200181Ia 4500
001 CTU_33970
008 210402s9999 xx 000 0 und d
082 |a 634 
082 |b F218/N137/2 
100 |a FAO 
245 0 |a FAO forestry paper N137/2 
245 0 |b Forestry policies in the Caribbean; Vol.2,Reports of 28 selected countries and territories 
245 0 |c FAO 
260 |a Rome 
260 |b FAO 
260 |c 1998 
904 |i Nguyễn Quang Điền, 991118 
980 |a Trung tâm Học liệu Trường Đại học Cần Thơ